[Event "CZE-chT2A 1011"]
[Site "Czech Republic"]
[Date "2010.11.07"]
[Round "2"]
[White "Koubek, Vaclav1111"]
[Black "Kubecka, David"]
[Result "0-1"]
[WhiteElo "2140"]
[BlackElo "2285"]
[PlyCount "44"]
[EventDate "2010.10.17"]
[EventType "team-tourn"]
[EventRounds "11"]
[EventCountry "CZE"]
[SourceTitle "EXT 2012"]
[Source "ChessBase"]
[SourceDate "2011.11.24"]
[SourceVersion "1"]
[SourceVersionDate "2011.11.24"]
[SourceQuality "1"]
[WhiteTeam "Zizkov"]
[BlackTeam "Praha Oaza"]
[WhiteTeamCountry "CZE"]
[BlackTeamCountry "CZE"]

1. e4 e5 2. Nf3 Nc6 3. Bc4 Nf6 4. d3 Bc5 5. c3 Bb6 6. 0-0 d6 7. Bb3 Ne7 8. Nbd2 c6 9. Nc4 Bc7 10. Qe2 Ng6 11. d4 0-0 12. h3 b5 13. Na3 Nh5 14. Nc2 Nhf4 15. Bxf4 Nxf4 16. Qe3 Qf6 17. Kh2 Qh6 18. Ng1 g5 19. dxe5 dxe5 20. Qg3 Kh8 21. Ne3 g4 22. h4 Bd8 0-1

[Event "Heraklion op 6th"]
[Site "Heraklion"]
[Date "2010.08.26"]
[Round "6"]
[White "Kounalakis, Evryklis"]
[Black "Kubecka, David"]
[Result "1/2-1/2"]
[WhiteElo "2142"]
[BlackElo "2291"]
[PlyCount "54"]
[EventDate "2010.08.22"]
[EventType "swiss"]
[EventRounds "9"]
[EventCountry "GRE"]
[SourceTitle "CBM 138 Extra"]
[Source "ChessBase"]
[SourceDate "2010.10.29"]
[SourceVersion "1"]
[SourceVersionDate "2010.10.29"]
[SourceQuality "1"]

1. e4 e5 2. Nf3 Nc6 3. Bb5 a6 4. Ba4 d6 5. c3 Bd7 6. 0-0 Nge7 7. d4 Ng6 8. Re1 Be7 9. Nbd2 h6 10. Nf1 Bg5 11. Ne3 Bxe3 12. Bxe3 0-0 13. dxe5 Ngxe5 14. Nxe5 Nxe5 15. Bxd7 Qxd7 16. Bf4 Rfe8 17. Qd5 Qb5 18. Qxb5 axb5 19. Bxe5 Rxe5 20. f3 f5 21. exf5 Rxe1+ 22. Rxe1 Rxa2 23. Re2 Kf7 24. Kf2 b4 25. cxb4 Ra4 26. Re4 Ra2 27. Re2 Ra4 1/2-1/2

[Event "Heraklion op 6th"]
[Site "Heraklion"]
[Date "2010.08.25"]
[Round "5"]
[White "Kubecka, David"]
[Black "Bras, Emanouel"]
[Result "1/2-1/2"]
[WhiteElo "2291"]
[BlackElo "2009"]
[PlyCount "83"]
[EventDate "2010.08.22"]
[EventType "swiss"]
[EventRounds "9"]
[EventCountry "GRE"]
[SourceTitle "CBM 138 Extra"]
[Source "ChessBase"]
[SourceDate "2010.10.29"]
[SourceVersion "1"]
[SourceVersionDate "2010.10.29"]
[SourceQuality "1"]

1. d4 d5 2. c4 c6 3. Nf3 Nf6 4. Nc3 Bg4 5. Ne5 Bf5 6. g3 e6 7. Bg2 Be7 8. 0-0 0-0 9. b3 Nbd7 10. Bb2 Ne8 11. e4 dxe4 12. Nxe4 Nef6 13. Nxf6+ Nxf6 14. Qe2 a5 15. h4 h6 16. g4 Bh7 17. g5 Nd7 18. gxh6 Nxe5 19. Qxe5 Bf6 20. Qg3 g6 21. h5 Kh8 22. hxg6 Bxg6 23. Qf4 Rg8 24. Rad1 Bf5 25. f3 a4 26. b4 Qe7 27. a3 b5 28. cxb5 cxb5 29. Rf2 Rad8 30. d5 Bxb2 31. Rxb2 Bh3 32. Kh2 Bxg2 33. d6 Qg5 34. Qxg5 Rxg5 35. Rxg2 Rd5 36. Rgd2 R8xd6 37. Rxd5 exd5 38. Kg3 Kh7 39. Kf4 f6 40. Ke3 Kxh6 41. Kd4 Rc6 42. Rd3 1/2-1/2

[Event "Heraklion op 6th"]
[Site "Heraklion"]
[Date "2010.08.22"]
[Round "1"]
[White "Kubecka, David"]
[Black "Tsichlis, Christos Panagiotis"]
[Result "1-0"]
[WhiteElo "2291"]
[BlackElo "1170"]
[PlyCount "75"]
[EventDate "2010.08.22"]
[EventType "swiss"]
[EventRounds "9"]
[EventCountry "GRE"]
[SourceTitle "CBM 138 Extra"]
[Source "ChessBase"]
[SourceDate "2010.10.29"]
[SourceVersion "1"]
[SourceVersionDate "2010.10.29"]
[SourceQuality "1"]

1. d4 d5 2. c4 c6 3. Nf3 Nf6 4. Nc3 Bf5 5. g3 e6 6. Bg2 Nbd7 7. Qb3 Qc8 8. 0-0 h6 9. Bf4 Be7 10. Rac1 0-0 11. Nd2 Bd8 12. cxd5 exd5 13. Nxd5 Nxd5 14. Bxd5 Nf6 15. Bg2 Be6 16. Qa4 Bb6 17. e4 Qd7 18. d5 cxd5 19. Qxd7 Bxd7 20. exd5 Rfd8 21. Nc4 Bb5 22. d6 g5 23. Be5 Nd7 24. Nxb6 Bxf1 25. Nxd7 Rxd7 26. Kxf1 f6 27. Rc7 Rxc7 28. dxc7 fxe5 29. Bxb7 Re8 30. c8Q Rxc8 31. Bxc8 Kf7 32. Ke2 Ke7 33. Ke3 Kd6 34. b4 Kd5 35. Ba6 h5 36. h4 gxh4 37. gxh4 e4 38. Be2 1-0

[Event "Klatovy op"]
[Site "Klatovy"]
[Date "2010.07.05"]
[Round "3"]
[White "Dvorak, Jan"]
[Black "Kubecka, David"]
[Result "1/2-1/2"]
[WhiteElo "2174"]
[BlackElo "2283"]
[PlyCount "31"]
[EventDate "2010.07.03"]
[EventType "swiss"]
[EventRounds "9"]
[EventCountry "CZE"]
[SourceTitle "CBM 137 Extra"]
[Source "ChessBase"]
[SourceDate "2010.09.01"]
[SourceVersion "1"]
[SourceVersionDate "2010.09.01"]
[SourceQuality "1"]

1. d4 Nf6 2. c4 e6 3. Nc3 Bb4 4. e3 c5 5. Bd3 Bxc3+ 6. bxc3 d6 7. Ne2 Nc6 8. 0-0 e5 9. e4 h6 10. dxc5 dxc5 11. Ng3 0-0 12. Qe2 Be6 13. Nf5 Bxf5 14. exf5 Re8 15. f3 Qd6 16. Bc2 1/2-1/2

[Event "Klatovy op"]
[Site "Klatovy"]
[Date "2010.07.04"]
[Round "2"]
[White "Kubecka, David"]
[Black "Odehnal, Jaroslav"]
[Result "1/2-1/2"]
[WhiteElo "2283"]
[BlackElo "2105"]
[PlyCount "83"]
[EventDate "2010.07.03"]
[EventType "swiss"]
[EventRounds "9"]
[EventCountry "CZE"]
[SourceTitle "CBM 137 Extra"]
[Source "ChessBase"]
[SourceDate "2010.09.01"]
[SourceVersion "1"]
[SourceVersionDate "2010.09.01"]
[SourceQuality "1"]

1. d4 Nf6 2. c4 d5 3. cxd5 Nxd5 4. e4 Nb6 5. Nc3 c6 6. Be3 g6 7. Qd2 Bg7 8. 0-0-0 0-0 9. Bh6 Be6 10. h4 f6 11. Nh3 N8d7 12. h5 Rf7 13. hxg6 hxg6 14. Be2 Bc4 15. Nf4 Nf8 16. Bxc4 Nxc4 17. Qe2 Qd6 18. g3 Qb4 19. e5 fxe5 20. Bxg7 exf4 21. Be5 Nh7 22. Rh6 Nxe5 23. Qxe5 Qd6 24. Ne4 Qxe5 25. dxe5 Kg7 26. Rdh1 Rh8 27. g4 b6 28. Kd2 Rff8 29. Ke2 Rfg8 30. g5 c5 31. Nf6 Nxg5 32. Nxg8 Rxg8 33. R6h4 Rf8 34. Rd1 Rf5 35. Rd7 Rxe5+ 36. Kd3 f3 37. Rf4 Re6 38. Rd5 Nf7 39. Kc4 a6 40. Kc3 Nd6 41. Rxf3 Nf5 42. Kd2 1/2-1/2